| 000 | 00552cam a2200193 a 4500 | ||
|---|---|---|---|
| 020 | _a9781449627874 (pbk.) | ||
| 040 | _cDLC | ||
| 082 | 0 | 0 | _a362 JBL 2013 C152 Or. |
| 245 | 0 | 0 | _a21st century global mental health / |
| 246 | 1 | _aTwenty-first century global mental health | |
| 260 |
_aBoston : _bJones & Bartlett Learning, _cc2013. |
||
| 300 |
_axxiv, 399 p. : _bill. ; _c23 cm. |
||
| 650 | 1 | 2 | _aMental Disorders. |
| 650 | 2 | 2 | _aHealth Policy |
| 650 | 2 | 2 | _aMental Health Services |
| 650 | 2 | 2 | _aWorld Health |
| 700 | 1 | _aSorel, Eliot, | |
| 942 | _cAEDBB | ||
| 999 |
_c18757 _d18757 |
||